| Tag |
First Indicator |
Second Indicator |
Subfields |
| LEADER |
00000cem a2200000Ia 4500 |
| 001 |
in00002735546 |
| 005 |
20151202143328.0 |
| 007 |
aj canun |
| 008 |
800722s1943 dcu a 0 eng |
| 010 |
|
|
|a map46000284
|
| 034 |
1 |
|
|a a
|b 7500
|
| 035 |
|
|
|a (OCoLC)ocm06539775
|
| 035 |
|
|
|a (OCoLC)6539775
|
| 040 |
|
|
|a DLC
|b eng
|c GAT
|d GAT
|d OCL
|d OCLCQ
|d STF
|d SYB
|d OCLCQ
|d TXA
|d UtOrBLW
|
| 043 |
|
|
|a f-ti---
|
| 049 |
|
|
|a TXAM
|
| 050 |
|
4 |
|a G8254.S8 1943
|b .U5
|
| 052 |
|
|
|a 8254
|b S725
|
| 110 |
1 |
|
|a United States.
|b Army.
|b Corps of Engineers.
|
| 245 |
1 |
0 |
|a Sousse :
|b city plan /
|c prepared under the direction of the chief of engineers, U.S. Army.
|
| 250 |
|
|
|a 1st ed.-AMS 1.
|
| 255 |
|
|
|a Scale 1:7,500.
|
| 264 |
|
1 |
|a Washington :
|b Army Map Service, U.S. Army,
|c 1943.
|
| 300 |
|
|
|a 1 map :
|b color ;
|c 33 x 44 cm.
|
| 336 |
|
|
|a cartographic image
|b cri
|2 rdacontent
|
| 337 |
|
|
|a unmediated
|b n
|2 rdamedia
|
| 338 |
|
|
|a sheet
|b nb
|2 rdacarrier
|
| 490 |
1 |
|
|a [Great Britain. War Office. General Staff. Geographical Section] Provisional G.S.G.S. 4275 [i.e. 4274]
|
| 500 |
|
|
|a In upper margin: Tunisia 1:7,500 ...
|
| 500 |
|
|
|a Military grid.
|
| 500 |
|
|
|a Principal streets and buildings are named.
|
| 500 |
|
|
|a Cartographic material.
|
| 651 |
|
0 |
|a Sūsah (Tunisia)
|v Maps.
|
| 710 |
1 |
|
|a United States.
|b Army Map Service.
|
| 830 |
|
0 |
|a GSGS (Series) ;
|v 4274.
|
| 948 |
|
|
|a cataloged
|b h
|c 2011/9/28
|d c
|e jgreene
|f 12:20:06 pm
|
| 994 |
|
|
|a C0
|b TXA
|
| 999 |
|
|
|a MARS
|
| 999 |
f |
f |
|s 5581d499-ff50-3332-b9fa-2bef689bf7c9
|i f50d876e-8c43-3991-9073-c2e0612abf10
|t 0
|
| 952 |
f |
f |
|p normal
|a Texas A&M University
|b College Station
|c Sterling C. Evans Library
|d Evans: Maps (2nd floor)
|t 0
|e G8254.S8 1943 .U5
|h Library of Congress classification
|i unmediated -- sheet
|m A14837849733
|
| 998 |
f |
f |
|a G8254.S8 1943 .U5
|t 0
|l Evans: Maps (2nd floor)
|